Eastern Utah Libraries Catalog: Duchesne, Heber, Roosevelt, & Vernal

Abduction (Record no. 81936)

MARC details
000 -LEADER
fixed length control field 03509cgm a2200697Ia 4500
001 - CONTROL NUMBER
control field ocn761102340
003 - CONTROL NUMBER IDENTIFIER
control field OCoLC
005 - DATE AND TIME OF LATEST TRANSACTION
control field 20241220131819.0
008 - FIXED-LENGTH DATA ELEMENTS--GENERAL INFORMATION
fixed length control field 111115p20122011cau106 vleng d
007 - PHYSICAL DESCRIPTION FIXED FIELD--GENERAL INFORMATION
fixed length control field vd cvaizq
040 ## - CATALOGING SOURCE
Original cataloging agency TEFMT
Transcribing agency TEFMT
Modifying agency TEF
-- KYB
-- IMD
-- BKX
-- UINTA
024 1# - OTHER STANDARD IDENTIFIER
Standard number or code 031398147558
028 42 - PUBLISHER NUMBER
Publisher number 31797
Source Lions Gate Home Entertainment
035 ## - SYSTEM CONTROL NUMBER
System control number (OCoLC)761102340
037 ## - SOURCE OF ACQUISITION
Source of stock number/acquisition Midwest Tape
Note http://www.midwesttapes.com
041 1# - LANGUAGE CODE
Language code of text/sound track or separate title eng
-- eng
-- spa
Language code of original and/or intermediate translations of text eng
050 #4 - LIBRARY OF CONGRESS CALL NUMBER
Classification number PN1997.2
Item number .A23 2012
082 04 - DEWEY DECIMAL CLASSIFICATION NUMBER
Classification number 791.43/72
Edition number 23
049 ## - LOCAL HOLDINGS (OCLC)
Holding library UCLB
092 ## - LOCALLY ASSIGNED DEWEY CALL NUMBER (OCLC)
Classification number 791.437
245 00 - TITLE STATEMENT
Title Abduction
Medium [videorecording] /
Statement of responsibility, etc Lionsgate presents a Gotham Group, Vertigo Entertainment, Quick Six Entertainment production ; a Lionsgate production in association with Mango Farms ; produced by Doug Davison ... [et al.] ; written by Shawn Christensen ; directed by John Singleton.
260 ## - PUBLICATION, DISTRIBUTION, ETC. (IMPRINT)
Place of publication, distribution, etc Santa Monica, Calif. :
Name of publisher, distributor, etc Lions Gate Films,
Date of publication, distribution, etc 2012.
300 ## - PHYSICAL DESCRIPTION
Extent 1 videodisc (ca. 106 min.) :
Other physical details sd., col. ;
Dimensions 4 3/4 in.
538 ## - SYSTEM DETAILS NOTE
System details note DVD, 16 x 9 widescreen (2.35:1 aspect ratio), 5.1 Dolby Digital EX.
546 ## - LANGUAGE NOTE
Language note Closed-captioned.
546 ## - LANGUAGE NOTE
Language note English dialogue; English or Spanish subtitles.
511 1# - PARTICIPANT OR PERFORMER NOTE
Participant or performer note Taylor Lautner, Lily Collins, Alfred Molina, Jason Isaacs, Maria Bello, Sigourney Weaver.
508 ## - CREATION/PRODUCTION CREDITS NOTE
Creation/production credits note Director of photography ; Peter Menzies, Jr. ; editor, Bruce Cannon ; music, Edward Shearmur.
500 ## - GENERAL NOTE
General note Videodisc release of the 2011 motion picture.
500 ## - GENERAL NOTE
General note Release date: Jan. 17, 2012.
521 8# - TARGET AUDIENCE NOTE
Target audience note MPAA rating: PG-13; for sequences of intense violence and action, brief language, some sexual content and teen partying.
520 ## - SUMMARY, ETC.
Summary, etc Taylor Lautner explodes on-screen as a young man whose secret past is set to collide with a dangerous reality. After uncovering a deadly lie, Nathan (Lautner) is propelled on a lethal, no-holds barred mission to learn the truth. Aided by a devoted family friend, Nathan's hunt for the facts pits him against ruthless assassins and questionable allies.
500 ## - GENERAL NOTE
General note Special features: "Abduction chronicle": on-camera production journal with Taylor Lautner ; initiation of an action hero: Taylor's amazing stunts featurette ; The fight for the truth: making abduction featurette ; "Pulled punches" gag reel.
650 #0 - SUBJECT ADDED ENTRY--TOPICAL TERM
Topical term or geographic name as entry element Kidnapping
Form subdivision Drama.
9 (RLIN) 5692899
650 #0 - SUBJECT ADDED ENTRY--TOPICAL TERM
Topical term or geographic name as entry element Identity (Psychology)
Form subdivision Drama.
9 (RLIN) 5763495
650 #7 - SUBJECT ADDED ENTRY--TOPICAL TERM
Topical term or geographic name as entry element Secuestro
Form subdivision Teatro.
Source of heading or term bidex
9 (RLIN) 5762740
650 #4 - SUBJECT ADDED ENTRY--TOPICAL TERM
Topical term or geographic name as entry element Mystery.
9 (RLIN) 6230478
650 #4 - SUBJECT ADDED ENTRY--TOPICAL TERM
Topical term or geographic name as entry element Action / Adventure.
9 (RLIN) 6230479
650 #4 - SUBJECT ADDED ENTRY--TOPICAL TERM
Topical term or geographic name as entry element Suspense / Thriller.
9 (RLIN) 6230480
655 #7 - INDEX TERM--GENRE/FORM
Genre/form data or focus term Feature films.
Source of term lcgft
9 (RLIN) 6230481
655 #7 - INDEX TERM--GENRE/FORM
Genre/form data or focus term Action and adventure films.
Source of term lcgft
9 (RLIN) 6230482
655 #7 - INDEX TERM--GENRE/FORM
Genre/form data or focus term Thrillers (Motion pictures)
Source of term lcgft
9 (RLIN) 6230483
655 #7 - INDEX TERM--GENRE/FORM
Genre/form data or focus term Fiction films.
Source of term lcgft
9 (RLIN) 6230484
655 #7 - INDEX TERM--GENRE/FORM
Genre/form data or focus term Video recordings for the hearing impaired.
Source of term lcgft
9 (RLIN) 6230485
700 1# - ADDED ENTRY--PERSONAL NAME
Personal name Singleton, John,
Dates associated with a name 1968-
9 (RLIN) 38994
700 1# - ADDED ENTRY--PERSONAL NAME
Personal name Davison, Doug.
9 (RLIN) 6189266
700 1# - ADDED ENTRY--PERSONAL NAME
Personal name Christensen, Shawn.
9 (RLIN) 6230486
700 1# - ADDED ENTRY--PERSONAL NAME
Personal name Lautner, Taylor,
Dates associated with a name 1992-
9 (RLIN) 72377
700 1# - ADDED ENTRY--PERSONAL NAME
Personal name Collins, Lily,
Dates associated with a name 1989-
9 (RLIN) 5889388
700 1# - ADDED ENTRY--PERSONAL NAME
Personal name Molina, Alfred,
Dates associated with a name 1953-
9 (RLIN) 38362
700 1# - ADDED ENTRY--PERSONAL NAME
Personal name Isaacs, Jason,
Dates associated with a name 1963-
9 (RLIN) 68412
700 1# - ADDED ENTRY--PERSONAL NAME
Personal name Bello, Maria,
Dates associated with a name 1967-
9 (RLIN) 67726
700 1# - ADDED ENTRY--PERSONAL NAME
Personal name Weaver, Sigourney,
Dates associated with a name 1949-
9 (RLIN) 30550
710 2# - ADDED ENTRY--CORPORATE NAME
Corporate name or jurisdiction name as entry element Lions Gate Films.
9 (RLIN) 5718756
710 2# - ADDED ENTRY--CORPORATE NAME
Corporate name or jurisdiction name as entry element Gotham Group.
9 (RLIN) 6230487
710 2# - ADDED ENTRY--CORPORATE NAME
Corporate name or jurisdiction name as entry element Vertigo Entertainment (Firm)
9 (RLIN) 74081
710 2# - ADDED ENTRY--CORPORATE NAME
Corporate name or jurisdiction name as entry element Quick Six Entertainment.
9 (RLIN) 6230488
942 ## - ADDED ENTRY ELEMENTS (KOHA)
Koha item type DVD
994 ## -
-- C0
-- UINTA
998 ## - LOCAL CONTROL INFORMATION (RLIN)
-- a149085
Holdings
Withdrawn status Lost status Source of classification or shelving scheme Damaged status Not for loan Collection code Home library Current library Shelving location Date acquired Source of acquisition Cost, normal purchase price Total Checkouts Total Renewals Full call number Barcode Date last seen Date checked out Cost, replacement price Price effective from Koha item type
    Dewey Decimal Classification     Movies Wasatch County Library Wasatch County Library Audio Visual Area 06/18/2014 Amazon 15.95 63 4 DVD Abd 34301001296856 11/10/2025 10/27/2025 15.95 03/20/2020 DVD
This project was made possible through a grant from the Institute of Museum and Library Service administered by the Utah State Library Division.

Wasatch County Library

  • 465 East 1200 South, Heber City, Utah 84032
  • Phone 435-654-1511 | Fax 435-654-6456

Hours

  • Monday - Friday 9:30 AM - 8:00 PM
  • Saturday 9:30 AM - 1:30 PM
  • Closed Sundays and Holidays